| 000 | 00698nam a2200217 a 4500 | ||
|---|---|---|---|
| 005 | 20210219152849.0 | ||
| 008 | 991125n 000 0 spa u | ||
| 035 | _aUPN01000063994 | ||
| 100 | 1 | _aGutiérrez T. Formoso, Alberto | |
| 222 | _aEDUCACION Y DESARROLLO | ||
| 245 | _aAnálisis comparativo-histórico del sistema educativo nacional I : el ámbito del tema vertebral : las estructuras jurídicas y los organismos rectores | ||
| 260 | _aMéxico | ||
| 300 | _a2-6 | ||
| 362 | 0 | _a1986 Año 9, vol. 9, nos. 97-98, ago.-sep. | |
| 653 | 0 | _aLEGISLACION EDUCATIVA | |
| 653 | 0 | _aMEXICO | |
| 653 | 0 | _aPOLITICA | |
| 653 | 0 | _aSISTEMA EDUCATIVO | |
| 904 |
_aAC _b001805 |
||
| 905 | _aArticulo | ||
| 999 |
_c62352 _d62352 |
||